000 00684nam a2200229 a 4500
001 BRCA_6766
005 20190320205601.0
008 251011s1920----nyu#######---#001-0#eng-#
041 _aeng
044 _anyu
050 4 _aHG2714
_b.M33
_c1920
245 1 0 _aPresent and past
_bbanking in Mexico
_cby Walter flavius McCaleb ; under the auspices of the Doheny foundation
260 _aNueva York
_bHarper
_c1920
300 _a268 p.
_c21 cm.
500 _aI132
504 _aBibliografía: p. 261-262
650 1 4 _aBancos y operaciones bancarias
_zMéxico
_98161
651 4 _aMéxico
_xEconomía
_916888
710 2 _aThe Doheny foundation
_916889
902 _aGFM
942 _2lcc
_cB
999 _c6449
_d6449